Princip ochrany a preference agrárních trhů ES.
Organizácia trhu s obilím. Trhový poriadok - organizácia trhu. Systém spoločných cien agrárneho trhu ES (smerné, intervenčné a preferenčné ceny). Trhový poriadok pre obilniny. Regulácia vnútorného trhu s obilím. Regulácia dovozu a vývozu obilia. Vplyv agrárnej reformy ES.
Salvato in:
| Autore principale: | |
|---|---|
| Natura: | Capitolo di libro |
| Lingua: | ceco |
| Soggetti: | |
| Tags: |
Nessun Tag, puoi essere il primo ad aggiungerne!!
|
MARC
| LEADER | 00000naa a2200000 4500 | ||
|---|---|---|---|
| 001 | r013414 | ||
| 005 | 20221205075446.0 | ||
| 041 | 0 | |a cze | |
| 044 | |a SK | ||
| 245 | 1 | 0 | |a Princip ochrany a preference agrárních trhů ES. |c Miroslav Svatoš |
| 520 | |a Organizácia trhu s obilím. Trhový poriadok - organizácia trhu. Systém spoločných cien agrárneho trhu ES (smerné, intervenčné a preferenčné ceny). Trhový poriadok pre obilniny. Regulácia vnútorného trhu s obilím. Regulácia dovozu a vývozu obilia. Vplyv agrárnej reformy ES. | ||
| 610 | 2 | 0 | |a protekcionizmus |
| 610 | 2 | 0 | |a trh vnútorný |
| 610 | 2 | 0 | |a Európske spoločenstvá |
| 610 | 2 | 0 | |a regulácia trhu |
| 610 | 2 | 0 | |a ceny |
| 610 | 2 | 0 | |a obilniny |
| 610 | 2 | 0 | |a reformy pozemkové |
| 100 | 1 | |a Svatoš, Miroslav | |